| 000 | 00587nam a2200205 a 4500 | ||
|---|---|---|---|
| 001 | 647 | ||
| 003 | CDMR | ||
| 005 | 20131205124959.0 | ||
| 008 | 130130s1979||||||||||||||||||||||||||||d | ||
| 040 |
_aCDMR _bcat _cCDMR |
||
| 100 | 1 |
_aMcLuhan, Marshall _9425 |
|
| 245 | 1 | 0 |
_aD'oeil a oreille _cMarshall McLuhan |
| 260 |
_aParis _c1977 _bDenoël/Gonthier |
||
| 300 |
_a202 p. _c18 cm |
||
| 490 | 0 |
_aBibliothèque Médiations _v149 |
|
| 600 | 1 |
_9425 _aMcLuhan, Marshall _d1911-1980 |
|
| 650 | 0 | 4 |
_94423 _aTecnologia i civilització _xTeoria |
| 650 |
_93629 _aComunicació _xAssaigs |
||
| 942 |
_cMON _2udc |
||
| 999 |
_c647 _d647 |
||